000 00455nam a22001817a 4500
003 NUST - PNEC
005 20170116180819.0
008 150615b xxu||||| |||| 00| 0 eng d
020 _a-
040 _cLIBRARY
082 _a304.2 ABB
100 _94004
_aAbbro, Aftab
245 _aMahoolyati Jaar (Sindhi)
_cAftab Abbro
260 _aKarachi:
_bIdara Mahoolyati Tahafuz Sindh,
300 _a358 p. :
_c22 cm.
650 _xGeneral
942 _2ddc
_cBK
999 _c63677
_d63677